Babasaheb Ambedkar Writings and Speeches Vol 11 (Record no. 223185)
[ view plain ]
| 000 -LEADER | |
|---|---|
| fixed length control field | 00699nam a22002057a 4500 |
| 005 - DATE AND TIME OF LATEST TRANSACTION | |
| control field | 20220601130341.0 |
| 008 - FIXED-LENGTH DATA ELEMENTS--GENERAL INFORMATION | |
| fixed length control field | 220601b ||||| |||| 00| 0 eng d |
| 040 ## - CATALOGING SOURCE | |
| Transcribing agency | AL |
| 041 ## - LANGUAGE CODE | |
| Language code of text/sound track or separate title | English |
| 082 ## - DEWEY DECIMAL CLASSIFICATION NUMBER | |
| Edition number | 23 |
| Classification number | 954.035 |
| Item number | AMBB |
| 100 ## - MAIN ENTRY--PERSONAL NAME | |
| Personal name | Babasaheb Ambedkar |
| 100 ## - MAIN ENTRY--PERSONAL NAME | |
| 9 (RLIN) | 39923 |
| 245 ## - TITLE STATEMENT | |
| Title | Babasaheb Ambedkar Writings and Speeches Vol 11 |
| 260 ## - PUBLICATION, DISTRIBUTION, ETC. | |
| Place of publication, distribution, etc. | Bombay |
| Name of publisher, distributor, etc. | Education Department Government of Maharashtra |
| Date of publication, distribution, etc. | 1992 |
| 300 ## - PHYSICAL DESCRIPTION | |
| Extent | 591 p. |
| Other physical details | HB |
| Dimensions | 25x15 cm. |
| 365 ## - TRADE PRICE | |
| Currency code | ₹ |
| Unit of pricing | ₹70.00 |
| 520 ## - SUMMARY, ETC. | |
| Summary, etc. | This book include the whole story of buddha and how it is differ from religious aspects in world. |
| 650 ## - SUBJECT ADDED ENTRY--TOPICAL TERM | |
| Topical term or geographic name entry element | The Buddha and his Dhamma |
| 9 (RLIN) | 39924 |
| 700 ## - ADDED ENTRY--PERSONAL NAME | |
| Personal name | AMBEDKAR (Babasaheb) |
| 9 (RLIN) | 39925 |
| 942 ## - ADDED ENTRY ELEMENTS (KOHA) | |
| Source of classification or shelving scheme | Dewey Decimal Classification |
| Koha item type | George Fernandes Collections |
| Withdrawn status | Lost status | Source of classification or shelving scheme | Damaged status | Not for loan | Collection code | Home library | Current library | Date acquired | Total Checkouts | Full call number | Barcode | Date last seen | Cost, replacement price | Price effective from | Koha item type |
|---|---|---|---|---|---|---|---|---|---|---|---|---|---|---|---|
| Dewey Decimal Classification | Reference Book | History | St Aloysius Library | St Aloysius Library | 03/23/2013 | 954.035 AMBB | GF03934 | 06/01/2022 | 70.00 | 06/01/2022 | George Fernandes Collections |